Redacción: desde cuestiones gramaticales hasta el informe mas extenso (Registro nro. 9660)
[ vista simple ]
| 000 -CABECERA | |
|---|---|
| campo de control de longitud fija | 00991nam a22003737a 4500 |
| 005 - FECHA Y HORA DE ACTUALIZACIÓN | |
| campo de control | 20230825092342.0 |
| 008 - LONGITUD FIJA | |
| campo de control de longitud fija | 170721s2009 xxu||||| |||| 00| 0 spa d |
| 020 ## - INTERNATIONAL STANDARD BOOK NUMBER | |
| Número Internacional Estándar del Libro | 9786074381009 |
| 041 ## - IDIOMA | |
| Código de idioma del texto/pista de sonido o título separado | Español |
| 082 ## - CLASIFICACIÓN DECIMAL DEWEY | |
| Número de clasificación | 468.2 S111r2 |
| 100 ## - AUTOR PERSONAL | |
| Nombre de persona | Saad, Miguel Ángel |
| 245 ## - TÍTULO PROPIAMENTE DICHO | |
| Título | Redacción: desde cuestiones gramaticales hasta el informe mas extenso |
| 250 ## - EDICIÓN | |
| Mención de edición | 2 edición |
| 260 ## - PIE DE IMPRENTA | |
| Lugar de publicación, distribución, etc. | México |
| 260 ## - PIE DE IMPRENTA | |
| Nombre del editor, distribuidor, etc. | Grupo Editorial Patria |
| 260 ## - PIE DE IMPRENTA | |
| Fecha de publicación, distribución, etc. | 2009 |
| 300 ## - DESCRIPCIÓN FÍSICA | |
| Extensión | 454 páginas |
| 650 ## - Materia General | |
| Materia general | REDACCIÓN |
| 650 ## - Materia General | |
| Materia general | INFORMES ESCRITOS |
| 650 ## - Materia General | |
| Materia general | GRAMÁTICA |
| 650 ## - Materia General | |
| Materia general | SIGNOS DE PUNTUACIÓN |
| 650 ## - Materia General | |
| Materia general | ORACIÓN |
| 650 ## - Materia General | |
| Materia general | VERBO |
| 650 ## - Materia General | |
| Materia general | ADJETIVO |
| 650 ## - Materia General | |
| Materia general | PREPOSICIONES |
| 650 ## - Materia General | |
| Materia general | CARTAS |
| 650 ## - Materia General | |
| Materia general | CIRCULARES |
| 650 ## - Materia General | |
| Materia general | MEMORANDOS |
| 650 ## - Materia General | |
| Materia general | OFICIOS |
| 650 ## - Materia General | |
| Materia general | ACTAS |
| 650 ## - Materia General | |
| Materia general | CURRICULUM VITAE |
| 650 ## - Materia General | |
| Materia general | TESIS PROFESIONALES |
| 942 ## - Punto de Acceso Adicional Koha | |
| Tipo de ítem Koha | Libro |
| Estado perdido | Estado dañado | No para préstamo | Biblioteca permanente | Biblioteca actual | Signatura completa | Código de barras | Precio efectivo a partir del | Tipo de ítem |
|---|---|---|---|---|---|---|---|---|
| Departamento de Biblioteca y Documentación Alfonso Chase Brenes | Departamento de Biblioteca y Documentación Alfonso Chase Brenes | 468.2 S111r2 | 17134 | 21/07/2017 | Libro | |||
| Departamento de Biblioteca y Documentación Alfonso Chase Brenes | Departamento de Biblioteca y Documentación Alfonso Chase Brenes | 468.2 S111r2 | 17133 | 21/07/2017 | Libro |